000 00461nam a2200169 i 4500
001 42841
003 ES-MaACL
005 20230906160705.0
007 t|
008 030314s1960 sp ||||1| spa d
100 1 _aCernuda, Luis,
_d1902-1963
_937529
245 1 0 _aPoesía y literatura /
_cLuis Cernuda.
260 _aBarcelona :
_bSeix Barral,
_c1960.
300 _a281 p. ;
_c18 cm.
852 _aES-MaACL
_jE-2437
_bR.46839
999 _c42841
_d42841